Kokka dokusen shihonshugi ron.

Saved in:
Bibliographic Details
Main Author: Ikumi, Takuichi, 1901-
Format: Book
Language:Japanese
Published: Tōkyō : Gendai no Rironsha, Shōwa 46 [1971]
Subjects:
Tags: Add Tag
No Tags, Be the first to tag this record!
LEADER 00804nam a2200253ui 4500
001 007779014-6
005 20024617122053.0
008 980430s1971 ja b 000 0 jpn d
010 |a 78794873 /J 
035 0 |a ocm39040708 
040 |a *YNH*  |c *YNH*  |d CStRLIN 
050 0 0 |a HB501  |b .I56 
100 1 |6 880-01  |a Ikumi, Takuichi,  |d 1901- 
245 1 0 |6 880-02  |a Kokka dokusen shihonshugi ron. 
246 3 |a Kokka dokusen shihon shugi ron 
260 |6 880-03  |a Tōkyō :  |b Gendai no Rironsha,  |c Shōwa 46 [1971] 
300 |a 362 p. ;  |c 21 cm. 
504 |a Includes bibliographical references. 
650 0 |a Capitalism. 
880 1 |6 100-01  |a 井汲卓一,  |d 1901- 
880 1 0 |6 245-02  |a 国家独占資本主義論. 
880 |6 260-03  |a 東京 :  |b 現代の理論社,  |c 昭和46 [1971] 
988 |a 20021221 
906 |0 MH